00513nam a2200157Ia 4500008004100000082001700041100001800058245003500076260003600111300001000147630001800157650003700175942000900212952011500221999001900336211122s9999||||xx |||||||||||||| ||und|| a539.6bBRA-P aBransden, B H 0aPhysics of Atoms and Molecules bDorling KindersleyaIndiac2000 axiv+1 xGeneral Stack aNatural SciencesvPhysicsPhysics cBOOK 00104070aSBCLbSBCLc2d2021-11-22g100.00l0o539.6 BRA-Pp00116906r2021-11-22 00:00:00w2021-11-22yBOOK c134067d134067